Statistics for Easternmost Countries

Click here to take the quiz!

General Stats

  • This quiz has been taken 14,304 times
    (14,281 since last reset)
  • The average score is 17 of 20

Answer Stats

Longitude Country % Correct
154.0Japan
97%
178.9New Zealand
96%
180Russia
96%
168.0Australia
96%
134.8China
93%
131.9South Korea
91%
141.1Indonesia
90%
180Fiji
89%
130.7North Korea
89%
159.4Papua New Guinea
86%
179.8United States
86%
172.2Marshall Islands
84%
163.0F. S. Micronesia
84%
170.2Solomon Islands
84%
179.9Tuvalu
83%
170.2Vanuatu
82%
176.8Kiribati
82%
167.0Nauru
81%
134.7Palau
81%
127.5East Timor
71%

Score Distribution

Percentile by Number Answered

Percent of People with Each Score

Your Score History

You have not taken this quiz since the last reset